THE STORY OF MY EXPERIMENTS WITH TRUTH (Record no. 90763)

MARC details
000 -LEADER
fixed length control field 00482nam a2200181Ia 4500
008 - FIXED-LENGTH DATA ELEMENTS--GENERAL INFORMATION
fixed length control field 090124s9999 xx 000 0 und d
082 ## - DEWEY DECIMAL CLASSIFICATION NUMBER
Item number 20032
100 ## - MAIN ENTRY--PERSONAL NAME
Personal name GANDHI M. K.
245 ## - TITLE STATEMENT
Title THE STORY OF MY EXPERIMENTS WITH TRUTH
250 ## - EDITION STATEMENT
Edition statement 0
260 ## - PUBLICATION, DISTRIBUTION, ETC. (IMPRINT)
Name of publisher, distributor, etc NAVAJIVAN PRESS
Date of publication, distribution, etc 1927
300 ## - PHYSICAL DESCRIPTION
Extent 602
600 ## - SUBJECT ADDED ENTRY--PERSONAL NAME
Personal name GANDHI M. K.
630 ## - SUBJECT ADDED ENTRY--UNIFORM TITLE
Uniform title THE STORY OF MY EXPERIMENTS WITH TRUTH
700 ## - ADDED ENTRY--PERSONAL NAME
Personal name GANDHI M. K.
730 ## - ADDED ENTRY--UNIFORM TITLE
Uniform title THE STORY OF MY EXPERIMENTS WITH TRUTH
942 ## - ADDED ENTRY ELEMENTS (KOHA)
Koha item type Book
Holdings
Withdrawn status Lost status Damaged status Not for loan Home library Current library Date acquired Cost, normal purchase price Total Checkouts Full call number Barcode Date last seen Cost, replacement price Price effective from Koha item type
        Nagar Wachan Mandir, Thane Nagar Wachan Mandir, Thane   10.00   20032 THNNWM-20032 01/24/2009 10.00 01/24/2009 Book